Normal view
MARC view
- Manufacturing processes
Entry Topical Term
001 - CONTROL NUMBER
- control field: 106575
003 - CONTROL NUMBER IDENTIFIER
- control field: NUST
005 - DATE AND TIME OF LATEST TRANSACTION
- control field: 20221231153016.0
008 - FIXED-LENGTH DATA ELEMENTS
- fixed length control field: 221231|| aca||aabn | a|a d
040 ## - CATALOGING SOURCE
- Original cataloging agency: NUST
- Transcribing agency: NUST
150 ## - HEADING--TOPICAL TERM
- Topical term or geographic name entry element: Manufacturing processes
- General subdivision: Mathematical models
670 ## - SOURCE DATA FOUND
- Source citation: Work cat.: (NUST)183750: Bequette, B. Wayne. 69195, Process control :, 2003.
